000 00680cab a2200229 4500
001 WB3436-22
008 090401t1998 xxu||||| |||| 00| 0 eng d
035 _a(Sirsi) u88575
041 _aeng
245 _aCostly lesson
260 _c1998
350 _a0
490 _aSunday Business
_v20 September 1998, 26
490 _aIndependent
_v24 September 1998, 6(1)
520 _aReviews a recent survey by Knight Frank assessing the effect of popular schools on local house prices.
650 _aCATCHMENT AREA
650 _aHOUSE PRICES
650 _aSCHOOLS
690 _aPROPERTY-RESIDENTIAL PROPERTY-RESIDENTIAL PROPERTY MARKET
942 _n0
948 _c22/09/1998
999 _c55984
_d55984